000 00565 a2200205 4500
999 _c31995
_d31995
003 OSt
005 20260311162312.0
008 260119b ||||| |||| 00| 0 eng d
020 _a9789353165727
040 _c.
082 _a621.3
_bK872
100 _99
_aKothari, D. P.
245 _aBasic Electrical Engineering /
_cD P Kothari and I J Nagrath
250 _a4th ed.
260 _bMcGraw Hill Education Private Limited,
_aChennai :
_c2019.
300 _a960 p.
650 0 _911
_aElectrical Engineering
700 _92257
_aNagrath, I. J.
942 _2ddc
_cBK